Η μετάβαση του παιδιού από την οικογένεια στο νηπιαγωγείο : θεωρία και πράξη ; διπλωματική εργασία [πτυχιακή εργασία]
Αποθηκεύτηκε σε:
| Κύριος συγγραφέας: | |
|---|---|
| Συγγραφή απο Οργανισμό/Αρχή: | |
| Άλλοι συγγραφείς: | |
| Μορφή: | Thesis Βιβλίο |
| Γλώσσα: | Greek |
| Δημοσίευση: |
2017.
|
| Θέματα: | |
| Διαθέσιμο Online: | http://hdl.handle.net/11610/17484 |
| Ετικέτες: |
Προσθήκη ετικέτας
Δεν υπάρχουν, Καταχωρήστε ετικέτα πρώτοι!
|
MARC
| LEADER | 00000cam a2200000 a 4500 | ||
|---|---|---|---|
| 001 | 1/114553 | ||
| 008 | 170728s2017####gr | ||| |||| ||gre|| | ||
| 040 | |a GR-MyUa |b gre |c GR-MyUa |e AACR2 | ||
| 041 | 0 | |a gre | |
| 082 | 7 | |a 372.21 |2 (23) | |
| 100 | 1 | |a Βαρβαρέσος, Παναγιώτης Γ. | |
| 245 | 1 | 2 | |a Η μετάβαση του παιδιού από την οικογένεια στο νηπιαγωγείο : |b θεωρία και πράξη ; διπλωματική εργασία [πτυχιακή εργασία] / |c Βαρβαρέσος Παναγιώτης Γ. ; επιβλέπων καθηγητής: Κοντάκος Αναστάσιος. |
| 260 | |c 2017. | ||
| 300 | |a 105 σ : |b πίν. ; |c 30 εκ. | ||
| 500 | |a Υπάρχει ψηφιακό αντίγραφο. | ||
| 500 | |a Μέλη εξεταστικής επιτροπής: Καλαβάσης Φραγκίσκος, Νικολάου Ελένη. | ||
| 502 | # | # | |a Πτυχιακή εργασία – Πανεπιστήμιο Αιγαίου, Ρόδος, 2017. |
| 504 | |a Βιβλιογραφία: σ. 91-94. | ||
| 506 | 1 | |a Πλήρες κείμενο - Ενδοπανεπιστημιακή δημοσίευση. | |
| 650 | 0 | |a Kindergarten. | |
| 650 | 0 | |a Adaptability (Psychology) | |
| 650 | 0 | |a Education, Preschool. | |
| 650 | 0 | |a Seperation (Psychology) |x Humor. | |
| 650 | 0 | |a Family. | |
| 650 | 0 | |a Student adjustment. | |
| 700 | 1 | |a Κοντάκος, Αναστάσιος, |e dgs [Επιβλέπων καθηγητής] | |
| 710 | 2 | |a Πανεπιστήμιο Αιγαίου |b Σχολή Ανθρωπιστικών Επιστημών |b Τμήμα Επιστημών της Προσχολικής Αγωγής και του Εκπαιδευτικού Σχεδιασμού. | |
| 852 | |a INST |b RHODES |c DIATR |e 20170728 |h 372.21 ΒΑΡ |p 005400039451 |q 005400039451 |t DIE |y 23 | ||
| 856 | |u http://hdl.handle.net/11610/17484 | ||
| 924 | |a Βαρβαρέσος |b Παναγιώτης |y Ρόδος |z 2017-07 | ||
| 970 | |z 28-07-2017. | ||